| 000 | 00342cam a22001217a 4500 | ||
|---|---|---|---|
| 008 | 180718b1962 xxu||||| |||| 00| 0 eng d | ||
| 082 | _aA6x6762 M288 | ||
| 100 | _aMajdalany, Fred | ||
| 245 |
_aState of emergency: the full story of Mau Mau. _cby Fred Majdalany |
||
| 260 |
_aLondon _bLongmans _c1962 |
||
| 300 | _axvi, 239p | ||
| 650 | _aMau Mau. | ||
| 999 |
_c413211 _d413211 |
||